[Event "CP-2016-P-00014"]
[Site "LSS email"]
[Date "2016.09.27"]
[Round "?"]
[White "Grabowski, Benedykt"]
[Black "Motyka, Jerzy"]
[Result "1-0"]
[WhiteElo "1826"]
[BlackElo "1779"]
[PlyCount "77"]
[EventDate "2016.10.01"]
[EventType "tourn (corr)"]
[EventRounds "6"]
[EventCountry "GER"]
[SourceTitle "Corr 2022"]
[Source "ChessBase"]
[SourceDate "2021.10.24"]
[SourceVersion "1"]
[SourceVersionDate "2021.10.24"]
[SourceQuality "1"]

1. e4 c5 2. Nf3 Nc6 3. d4 cxd4 4. Nxd4 Nf6 5. Nc3 e6 6. Ndb5 Bb4 7. a3 Bxc3+ 8. Nxc3 d5 9. exd5 exd5 10. Bd3 0-0 11. 0-0 d4 12. Ne2 Bg4 13. f3 Bh5 14. b4 Qb6 15. Nf4 Bg6 16. Nxg6 hxg6 17. f4 Rfe8 18. Qf3 Ne7 19. Re1 Ned5 20. Bd2 Qc7 21. h3 Rad8 22. Kf1 b6 23. Kg1 Nc3 24. f5 gxf5 25. Bxf5 Qc4 26. Rxe8+ Rxe8 27. Re1 Rxe1+ 28. Bxe1 Qd5 29. Qxd5 Nfxd5 30. Bd3 g5 31. Bd2 f6 32. Kf2 Kf7 33. Kf3 Ke6 34. g3 Ke5 35. h4 gxh4 36. gxh4 f5 37. h5 Kf6 38. h6 Ne7 39. h7 1-0

[Event "SC-2016-0-00298"]
[Site "LSS email"]
[Date "2016.07.31"]
[Round "?"]
[White "Linke, Marius"]
[Black "Motyka, Jerzy"]
[Result "0-1"]
[WhiteElo "1849"]
[BlackElo "1798"]
[PlyCount "104"]
[EventDate "2016.06.29"]
[EventType "tourn (corr)"]
[EventRounds "6"]
[EventCountry "GER"]
[SourceTitle "Corr 2022"]
[Source "ChessBase"]
[SourceDate "2021.10.24"]
[SourceVersion "1"]
[SourceVersionDate "2021.10.24"]
[SourceQuality "1"]

1. d4 d5 2. Nf3 Nc6 3. c4 Bg4 4. Nc3 e6 5. cxd5 exd5 6. Bf4 Bxf3 7. gxf3 Bd6 8. Bg3 Nge7 9. e3 h5 10. Bxd6 Qxd6 11. f4 0-0-0 12. Qa4 Kb8 13. 0-0-0 Rhg8 14. h4 Nf5 15. Bd3 Nce7 16. Qc2 Qf6 17. Rdg1 g6 18. Rg5 c5 19. dxc5 d4 20. Bxf5 Nxf5 21. e4 Ne7 22. Nd5 Nxd5 23. exd5 Qxf4+ 24. Qd2 Qf3 25. Rd1 f6 26. Rg3 Qxd5 27. Qf4+ Ka8 28. Qxf6 Qxc5+ 29. Rc3 Qf8 30. Qxf8 Rgxf8 31. Rg3 Rxf2 32. Rxg6 a6 33. Rd2 Rf1+ 34. Rd1 Rf4 35. Rh1 d3 36. Rg2 Rc8+ 37. Kd1 Ka7 38. Rhh2 Kb6 39. Rf2 Rfc4 40. Kd2 Rd8 41. Rf6+ Ka7 42. Ke3 Rc1 43. Rf4 d2 44. Rxd2 Re1+ 45. Kf2 Rxd2+ 46. Kxe1 Rxb2 47. a4 Ra2 48. Rb4 a5 49. Rf4 Kb6 50. Kd1 Kc5 51. Kc1 b6 52. Kd1 Kd5 0-1

[Event "SC-2016-0-00298"]
[Site "LSS email"]
[Date "2016.07.30"]
[Round "?"]
[White "Motyka, Jerzy"]
[Black "Linart, Ludvik"]
[Result "0-1"]
[WhiteElo "1798"]
[BlackElo "1680"]
[PlyCount "94"]
[EventDate "2016.06.29"]
[EventType "tourn (corr)"]
[EventRounds "6"]
[EventCountry "GER"]
[SourceTitle "Corr 2022"]
[Source "ChessBase"]
[SourceDate "2021.10.24"]
[SourceVersion "1"]
[SourceVersionDate "2021.10.24"]
[SourceQuality "1"]

1. e4 e5 2. Nf3 Nc6 3. Bb5 a6 4. Ba4 Nf6 5. d3 Be7 6. Bxc6 bxc6 7. Nxe5 0-0 8. 0-0 Re8 9. Nd2 a5 10. a4 Ra6 11. Nb3 d6 12. Nf3 c5 13. Bd2 Be6 14. Re1 Nd7 15. Bc3 Bf6 16. Qd2 Bxb3 17. cxb3 Qb8 18. Qd1 h6 19. Nd2 Bd4 20. Nc4 Ne5 21. Rc1 Nxc4 22. bxc4 Rb6 23. Bxa5 Rxb2 24. Rc2 Rxc2 25. Qxc2 Qa7 26. Bd2 Rb8 27. a5 Rb2 28. Qd1 Ra2 29. Rf1 Qb8 30. Be1 Qb2 31. Qg4 g6 32. Qd1 Ra1 33. Qd2 Qb3 34. Qe2 Ra2 35. Qf3 Qc2 36. h4 h5 37. g4 hxg4 38. Qxg4 Qxd3 39. h5 Qxc4 40. hxg6 Qe6 41. gxf7+ Kxf7 42. Qf3+ Ke7 43. Kg2 c4 44. Rh1 Qg6+ 45. Kh3 c3 46. Qg4 Qxg4+ 47. Kxg4 Rxa5 0-1

[Event "SC-2016-0-00298"]
[Site "LSS email"]
[Date "2016.07.29"]
[Round "?"]
[White "Motyka, Jerzy"]
[Black "Schulz, Hans Juergen"]
[Result "0-1"]
[WhiteElo "1798"]
[BlackElo "1720"]
[PlyCount "82"]
[EventDate "2016.06.29"]
[EventType "tourn (corr)"]
[EventRounds "6"]
[EventCountry "GER"]
[SourceTitle "Corr 2022"]
[Source "ChessBase"]
[SourceDate "2021.10.24"]
[SourceVersion "1"]
[SourceVersionDate "2021.10.24"]
[SourceQuality "1"]

1. e4 c5 2. Nf3 d6 3. Bb5+ Nd7 4. c3 Ngf6 5. Qe2 a6 6. Ba4 b5 7. Bc2 e5 8. 0-0 Bb7 9. d4 Be7 10. a4 0-0 11. Rd1 cxd4 12. cxd4 b4 13. dxe5 dxe5 14. Nbd2 Qc7 15. Nc4 a5 16. Bg5 Rfc8 17. Bd3 h6 18. Bh4 Nc5 19. Nfxe5 Ra6 20. Bg3 Nxd3 21. Rxd3 Re6 22. b3 Bxe4 23. Re3 Qb7 24. Nd3 g5 25. Re1 Rd8 26. Be5 Bxg2 27. Nxa5 Qa8 28. Nc4 Be4 29. Ncb2 Bb7 30. f4 Qa5 31. h3 Nd5 32. f5 Nxe3 33. fxe6 Qd5 34. exf7+ Kf8 35. Rc1 Nf5 36. Rc7 Ba6 37. Rxe7 Nxe7 38. Bf6 Qxf7 39. Bxe7+ Qxe7 40. Qxe7+ Kxe7 41. Nxb4 Rd2 0-1

[Event "SC-2015-0-00278"]
[Site "LSS email"]
[Date "2015.11.24"]
[Round "?"]
[White "Motyka, Jerzy"]
[Black "Habes, Jiri"]
[Result "1-0"]
[WhiteElo "1811"]
[BlackElo "1800"]
[PlyCount "109"]
[EventDate "2015.10.16"]
[EventType "tourn (corr)"]
[EventRounds "6"]
[EventCountry "GER"]
[SourceTitle "Corr 2022"]
[Source "ChessBase"]
[SourceDate "2021.10.24"]
[SourceVersion "1"]
[SourceVersionDate "2021.10.24"]
[SourceQuality "1"]

1. e4 c5 2. Nf3 d6 3. Bb5+ Bd7 4. Bxd7+ Qxd7 5. 0-0 Nc6 6. c3 Nf6 7. Qe2 e6 8. d4 cxd4 9. cxd4 d5 10. e5 Ne4 11. Be3 Be7 12. Ne1 f6 13. f3 Ng5 14. Nd3 0-0 15. Nd2 fxe5 16. dxe5 Nf7 17. f4 d4 18. Bf2 Nh6 19. Rac1 Rad8 20. a3 Nf5 21. Rfd1 Qd5 22. h3 Rd7 23. Nc4 Rfd8 24. g4 Ne3 25. Bxe3 dxe3 26. Qxe3 Nd4 27. Nd6 Nf3+ 28. Kf2 Bh4+ 29. Kf1 Nh2+ 30. Ke2 Qg2+ 31. Nf2 Bxf2 32. Qxf2 Qxh3 33. Rd3 Qxg4+ 34. Kd2 Qh5 35. Rg1 Ng4 36. Qe2 Nf6 37. exf6 Qxe2+ 38. Kxe2 Rxd6 39. Rxg7+ Kf8 40. Rxd6 Rxd6 41. Rxb7 a5 42. b4 axb4 43. axb4 h6 44. b5 e5 45. Rb8+ Kf7 46. b6 Rd4 47. fxe5 Re4+ 48. Kf3 Rxe5 49. b7 Rb5 50. Rh8 Rb3+ 51. Kg4 Rb4+ 52. Kh5 Rb5+ 53. Kxh6 Kxf6 54. b8Q Rxb8 55. Rxb8 1-0

[Event "SC-2015-0-00269"]
[Site "LSS email"]
[Date "2015.08.27"]
[Round "?"]
[White "Motyka, Jerzy"]
[Black "Cofer, David"]
[Result "1/2-1/2"]
[WhiteElo "1812"]
[BlackElo "1544"]
[PlyCount "48"]
[EventDate "2015.06.30"]
[EventType "tourn (corr)"]
[EventRounds "6"]
[EventCountry "GER"]
[SourceTitle "Corr 2022"]
[Source "ChessBase"]
[SourceDate "2021.10.24"]
[SourceVersion "1"]
[SourceVersionDate "2021.10.24"]
[SourceQuality "1"]

1. e4 d6 2. d4 Nf6 3. Nc3 Nbd7 4. Nf3 e5 5. Bc4 Be7 6. 0-0 0-0 7. a4 c6 8. a5 Nxe4 9. Nxe4 d5 10. a6 exd4 11. axb7 Bxb7 12. Bxd5 cxd5 13. Ng3 d3 14. Qxd3 Nc5 15. Qd1 g6 16. Be3 Re8 17. Re1 Bd6 18. Ne2 a5 19. Nc3 Ne4 20. Nb5 Bf8 21. Nd2 Nc5 22. Nf3 Qb6 23. Nfd4 a4 24. Qc1 Ne4 1/2-1/2

[Event "SC-2015-0-00269"]
[Site "LSS email"]
[Date "2015.08.27"]
[Round "?"]
[White "Motyka, Jerzy"]
[Black "Davila, Oscar Alfredo"]
[Result "1-0"]
[WhiteElo "1812"]
[BlackElo "1786"]
[PlyCount "95"]
[EventDate "2015.06.30"]
[EventType "tourn (corr)"]
[EventRounds "6"]
[EventCountry "GER"]
[SourceTitle "Corr 2022"]
[Source "ChessBase"]
[SourceDate "2021.10.24"]
[SourceVersion "1"]
[SourceVersionDate "2021.10.24"]
[SourceQuality "1"]

1. e4 c5 2. Nf3 e6 3. c4 b6 4. Nc3 Bb7 5. d4 cxd4 6. Nxd4 d6 7. Be2 Nf6 8. f3 Nbd7 9. 0-0 Be7 10. Be3 0-0 11. a4 a5 12. Ndb5 Nc5 13. Qc2 Qd7 14. Rfd1 Qc6 15. Rd2 Rfd8 16. Rad1 Rd7 17. Nd4 Qc7 18. Bf1 Re8 19. Ndb5 Qc6 20. Na2 h5 21. b4 Na6 22. bxa5 bxa5 23. Nc1 Nc5 24. Nd3 Nxd3 25. Rxd3 h4 26. Qd2 d5 27. cxd5 exd5 28. Qxa5 dxe4 29. Rxd7 Nxd7 30. Rc1 Nc5 31. Na7 Qe6 32. Bxc5 exf3 33. Bf2 Bd6 34. Re1 Be5 35. g3 Qd6 36. Nb5 Qd5 37. Qb4 hxg3 38. hxg3 Rc8 39. Qg4 Bf6 40. a5 g5 41. Na7 Rc2 42. Re8+ Kg7 43. Qh3 Rc1 44. Kh2 Rxf1 45. Qh8+ Kg6 46. Rg8+ Kf5 47. Qh3+ g4 48. Qxf1 1-0

[Event "SC-2015-0-00269"]
[Site "LSS email"]
[Date "2015.08.27"]
[Round "?"]
[White "Schulz, Hans Juergen"]
[Black "Motyka, Jerzy"]
[Result "1/2-1/2"]
[WhiteElo "1705"]
[BlackElo "1812"]
[PlyCount "70"]
[EventDate "2015.06.30"]
[EventType "tourn (corr)"]
[EventRounds "6"]
[EventCountry "GER"]
[SourceTitle "Corr 2022"]
[Source "ChessBase"]
[SourceDate "2021.10.24"]
[SourceVersion "1"]
[SourceVersionDate "2021.10.24"]
[SourceQuality "1"]

1. e4 c5 2. Nf3 Nc6 3. d4 cxd4 4. Nxd4 Nf6 5. Nc3 e6 6. Ndb5 Bb4 7. a3 Bxc3+ 8. Nxc3 d5 9. exd5 exd5 10. Bd3 0-0 11. 0-0 d4 12. Ne2 Bg4 13. Bg5 Qd6 14. Re1 Rad8 15. Qd2 Ne5 16. Ng3 Nxd3 17. cxd3 Rde8 18. Qf4 Qxf4 19. Bxf4 Nh5 20. Bd6 Nxg3 21. hxg3 Rxe1+ 22. Rxe1 Rd8 23. Re4 Be6 24. Rxd4 f6 25. f3 h5 26. Kf2 a6 27. Ke3 Kf7 28. a4 g5 29. a5 Rc8 30. g4 h4 31. Rb4 Bd5 32. Kd2 Rh8 33. Rd4 Ke6 34. Bb4 Rh7 35. Ke2 h3 1/2-1/2

[Event "SC-2015-0-00265"]
[Site "LSS email"]
[Date "2015.07.01"]
[Round "?"]
[White "Loktaev, Val"]
[Black "Motyka, Jerzy"]
[Result "0-1"]
[WhiteElo "1731"]
[BlackElo "1816"]
[PlyCount "50"]
[EventDate "2015.05.19"]
[EventType "tourn (corr)"]
[EventRounds "6"]
[EventCountry "GER"]
[SourceTitle "Corr 2022"]
[Source "ChessBase"]
[SourceDate "2021.10.24"]
[SourceVersion "1"]
[SourceVersionDate "2021.10.24"]
[SourceQuality "1"]

1. d4 d5 2. c4 Nc6 3. Nf3 Bg4 4. Nc3 e6 5. cxd5 exd5 6. Bf4 Bxf3 7. exf3 Bd6 8. Nxd5 Nge7 9. Bxd6 Qxd6 10. Nxe7 Qxe7+ 11. Be2 0-0-0 12. 0-0 Nxd4 13. Bd3 Qb4 14. a3 Qxb2 15. Rb1 Qxa3 16. Ra1 Qb3 17. Rxa7 Qxd1 18. Rxd1 Kb8 19. Rda1 c6 20. Bf1 Rhe8 21. Ra8+ Kc7 22. R8a7 Kb6 23. R7a2 Kc5 24. Rb2 b5 25. Rc1+ Kd5 0-1

[Event "SC-2015-0-00260"]
[Site "LSS email"]
[Date "2015.05.08"]
[Round "?"]
[White "Motyka, Jerzy"]
[Black "Laczay, Istvan"]
[Result "1/2-1/2"]
[WhiteElo "1837"]
[BlackElo "1693"]
[PlyCount "89"]
[EventDate "2015.03.15"]
[EventType "tourn (corr)"]
[EventRounds "6"]
[EventCountry "GER"]
[SourceTitle "Corr 2022"]
[Source "ChessBase"]
[SourceDate "2021.10.24"]
[SourceVersion "1"]
[SourceVersionDate "2021.10.24"]
[SourceQuality "1"]

1. e4 c5 2. Nf3 d6 3. Bb5+ Nc6 4. 0-0 Bd7 5. Re1 Nf6 6. c3 a6 7. Ba4 b5 8. Bc2 Rc8 9. d4 cxd4 10. Nxd4 g6 11. a4 Nxd4 12. cxd4 Bg7 13. axb5 axb5 14. Nd2 0-0 15. Nf3 Ra8 16. Rxa8 Qxa8 17. e5 Nd5 18. Bg5 Bc6 19. Qd2 Rc8 20. Be4 f6 21. Bh6 Nb6 22. exf6 exf6 23. Bd3 Qb7 24. Bxg7 Kxg7 25. Qf4 Qd7 26. h3 Nd5 27. Qg3 Ra8 28. Nh4 Kf8 29. Qf3 Ra4 30. Be4 Qf7 31. Qg3 Qe7 32. Nf3 Qd7 33. h4 Ne7 34. Qf4 Kg7 35. Bxc6 Nxc6 36. b3 Ra8 37. h5 g5 38. h6+ Kg6 39. Qe4+ Kxh6 40. d5 Ne5 41. Nd4 Qg4 42. Qxg4 Nxg4 43. Nf5+ Kg6 44. Nxd6 Ra3 45. Rb1 1/2-1/2

[Event "SC-2015-0-00253"]
[Site "LSS email"]
[Date "2015.01.27"]
[Round "?"]
[White "Korinek, Jaroslav"]
[Black "Motyka, Jerzy"]
[Result "1/2-1/2"]
[WhiteElo "1714"]
[BlackElo "1836"]
[PlyCount "74"]
[EventDate "2014.12.30"]
[EventType "tourn (corr)"]
[EventRounds "6"]
[EventCountry "GER"]
[SourceTitle "Corr 2022"]
[Source "ChessBase"]
[SourceDate "2021.10.24"]
[SourceVersion "1"]
[SourceVersionDate "2021.10.24"]
[SourceQuality "1"]

1. d4 d5 2. c4 c6 3. Bf4 dxc4 4. Nf3 Nf6 5. e3 b5 6. a4 e6 7. Be2 Bb4+ 8. Nc3 Nd5 9. Qc2 Nxf4 10. exf4 Bb7 11. f5 Qf6 12. fxe6 Qxe6 13. 0-0 a6 14. d5 Qd6 15. dxc6 Qxc6 16. Nh4 Qf6 17. Bf3 Nc6 18. Rfe1+ Kf8 19. axb5 axb5 20. Qe4 Rb8 21. Nd5 Qd8 22. Nxb4 Nxb4 23. Qe3 Bxf3 24. Nxf3 Nc2 25. Qc5+ Kg8 26. Rad1 Qc8 27. Qxc8+ Rxc8 28. Re7 h6 29. Rdd7 Kh7 30. Rxf7 Rhg8 31. h3 Rcf8 32. Rfe7 Re8 33. Rxe8 Rxe8 34. Rb7 b4 35. Rc7 Re4 36. Kf1 Nd4 37. Nxd4 Rxd4 1/2-1/2

[Event "SC-2015-0-00250"]
[Site "LSS email"]
[Date "2015.01.02"]
[Round "?"]
[White "Motyka, Jerzy"]
[Black "Schulz, Hans Juergen"]
[Result "1/2-1/2"]
[WhiteElo "1839"]
[BlackElo "1729"]
[PlyCount "105"]
[EventDate "2014.11.26"]
[EventType "tourn (corr)"]
[EventRounds "6"]
[EventCountry "GER"]
[SourceTitle "Corr 2022"]
[Source "ChessBase"]
[SourceDate "2021.10.24"]
[SourceVersion "1"]
[SourceVersionDate "2021.10.24"]
[SourceQuality "1"]

1. e4 e5 2. Nf3 Nc6 3. Bb5 a6 4. Ba4 Nf6 5. d3 b5 6. Bb3 Be7 7. a4 b4 8. 0-0 0-0 9. a5 d6 10. h3 Rb8 11. Nbd2 Be6 12. Nc4 Nd7 13. Be3 Qc8 14. Re1 Qb7 15. Qb1 Bf6 16. Qa2 Rfe8 17. Ncd2 Nd4 18. Bxd4 exd4 19. Bxe6 fxe6 20. Re2 Kh8 21. Qc4 e5 22. Rc1 Nc5 23. c3 dxc3 24. bxc3 Qb5 25. cxb4 Qxb4 26. Qc3 Rb5 27. Nc4 Kg8 28. Rec2 Qxc3 29. Rxc3 Kf7 30. h4 Ke6 31. g4 Nb3 32. Rb1 Reb8 33. Na3 R5b7 34. g5 Bd8 35. Nc2 c5 36. Rc4 Nd4 37. Ncxd4+ exd4 38. Rxb7 Rxb7 39. Kf1 Rb1+ 40. Ke2 Rb2+ 41. Kf1 Ra2 42. Rc1 Ra3 43. Ke2 Rxa5 44. Rc2 h6 45. Rb2 Rb5 46. Ra2 a5 47. gxh6 gxh6 48. h5 d5 49. exd5+ Kxd5 50. Nd2 Bc7 51. Nc4 Rb8 52. Ra1 Ra8 53. Kf3 1/2-1/2

[Event "CP-2014-P-00033"]
[Site "LSS email"]
[Date "2014.09.30"]
[Round "?"]
[White "Motyka, Jerzy"]
[Black "Eide, John Henning"]
[Result "1-0"]
[WhiteElo "1849"]
[BlackElo "1853"]
[PlyCount "65"]
[EventDate "2014.10.01"]
[EventType "tourn (corr)"]
[EventRounds "6"]
[EventCountry "GER"]
[SourceTitle "Corr 2022"]
[Source "ChessBase"]
[SourceDate "2021.10.24"]
[SourceVersion "1"]
[SourceVersionDate "2021.10.24"]
[SourceQuality "1"]

1. e4 e6 2. d4 d5 3. Nd2 c5 4. Ngf3 Nf6 5. exd5 exd5 6. Bb5+ Bd7 7. Qe2+ Be7 8. dxc5 0-0 9. Nb3 a6 10. Bd3 Re8 11. Be3 Ba4 12. Nfd4 Bxb3 13. Nxb3 Nbd7 14. 0-0-0 Nxc5 15. Qf3 Nxd3+ 16. Rxd3 a5 17. Nd4 Nd7 18. Rdd1 Ne5 19. Qf5 Bf6 20. Rhe1 g6 21. Qf4 Nc4 22. Qf3 Qb6 23. b3 Na3 24. c3 a4 25. Qxd5 Rac8 26. Ne2 Rxe3 27. fxe3 axb3 28. Qxb3 Qxe3+ 29. Kb2 Nc4+ 30. Kb1 Nd2+ 31. Rxd2 Qxd2 32. Qd1 Qe3 33. Qc1 1-0

[Event "CP-2014-P-00033"]
[Site "LSS email"]
[Date "2014.09.30"]
[Round "?"]
[White "Nichols, Scott"]
[Black "Motyka, Jerzy"]
[Result "1-0"]
[WhiteElo "2450"]
[BlackElo "1849"]
[PlyCount "73"]
[EventDate "2014.10.01"]
[EventType "tourn (corr)"]
[EventRounds "6"]
[EventCountry "GER"]
[SourceTitle "Corr 2022"]
[Source "ChessBase"]
[SourceDate "2021.10.24"]
[SourceVersion "1"]
[SourceVersionDate "2021.10.24"]
[SourceQuality "1"]

1. e4 c5 2. Nf3 e6 3. d4 cxd4 4. Nxd4 a6 5. Bd3 Bc5 6. Nb3 Be7 7. Qg4 Nf6 8. Qxg7 Rg8 9. Qh6 Nc6 10. 0-0 Ne5 11. Nc3 b5 12. f3 Bb7 13. Be3 Qc7 14. Bd4 Nxd3 15. cxd3 e5 16. Bf2 Rg6 17. Qd2 d5 18. Rac1 Qd7 19. Bc5 dxe4 20. Bxe7 Qxe7 21. dxe4 Bc8 22. Rfd1 Bh3 23. g3 Kf8 24. Qe3 Rc8 25. Nd5 Nxd5 26. Rxc8+ Bxc8 27. exd5 Qd6 28. Nc5 f5 29. Kg2 f4 30. Qc3 fxg3 31. hxg3 b4 32. Qc4 Bf5 33. Ne4 Qe7 34. d6 Qh4 35. d7 Qh3+ 36. Kf2 Bxd7 37. Qxb4+ 1-0

[Event "CP-2014-P-00033"]
[Site "LSS email"]
[Date "2014.09.30"]
[Round "?"]
[White "Oliynyk, Valery"]
[Black "Motyka, Jerzy"]
[Result "1-0"]
[WhiteElo "2382"]
[BlackElo "1849"]
[PlyCount "81"]
[EventDate "2014.10.01"]
[EventType "tourn (corr)"]
[EventRounds "6"]
[EventCountry "GER"]
[SourceTitle "Corr 2022"]
[Source "ChessBase"]
[SourceDate "2021.10.24"]
[SourceVersion "1"]
[SourceVersionDate "2021.10.24"]
[SourceQuality "1"]

1. e4 c5 2. Nf3 e6 3. d4 cxd4 4. Nxd4 a6 5. Bd3 Bc5 6. Nb3 Be7 7. Qg4 Bf6 8. 0-0 Nc6 9. f4 d6 10. c3 Nge7 11. Be3 b5 12. N1d2 Qc7 13. Qg3 Ng6 14. a4 b4 15. Rfc1 0-0 16. Qf2 Rb8 17. a5 bxc3 18. bxc3 Re8 19. g3 Bb7 20. Qe2 Ra8 21. Nc4 Qe7 22. Nb6 Ra7 23. Rab1 Rd8 24. Qf2 Nf8 25. Rd1 Ng6 26. Be2 Ba8 27. Bf3 Rc7 28. c4 Bb7 29. c5 dxc5 30. Bxc5 Rxd1+ 31. Rxd1 Qe8 32. Bd6 Bd8 33. Qd2 e5 34. Bxc7 Bxc7 35. Qd7 Qb8 36. Nd5 Nxa5 37. Qxc7 Qxc7 38. Nxc7 Nxb3 39. Rd8+ Nf8 40. fxe5 Nc5 41. Bg4 1-0

[Event "SC-2014-0-00236"]
[Site "LSS email"]
[Date "2014.08.20"]
[Round "?"]
[White "Motyka, Jerzy"]
[Black "Schulz, Hans Juergen"]
[Result "1/2-1/2"]
[WhiteElo "1773"]
[BlackElo "1605"]
[PlyCount "66"]
[EventDate "2014.07.21"]
[EventType "tourn (corr)"]
[EventRounds "6"]
[EventCountry "GER"]
[SourceTitle "Corr 2015"]
[Source "ChessBase"]
[SourceDate "2015.07.17"]
[SourceVersion "1"]
[SourceVersionDate "2015.07.17"]
[SourceQuality "1"]

1. e4 e5 2. Nf3 Nc6 3. Bb5 a6 4. Ba4 Nf6 5. d3 b5 6. Bb3 Be7 7. c3 d6 8. Nbd2 0-0 9. a4 b4 10. 0-0 Be6 11. Re1 Bxb3 12. Qxb3 Qd7 13. d4 bxc3 14. bxc3 exd4 15. cxd4 Rab8 16. Qc4 d5 17. exd5 Qxd5 18. Qxa6 Rfd8 19. Nf1 Bb4 20. Bd2 Nxd4 21. Nxd4 Qxd4 22. Bxb4 Qxb4 23. Qc6 Ra8 24. Qxc7 Rdc8 25. Reb1 Qd4 26. Rd1 Qxf2+ 27. Kxf2 Rxc7 28. Ne3 Kf8 29. Nd5 Rc2+ 30. Kf3 Nxd5 31. Rxd5 Ra6 32. a5 Rf6+ 33. Ke3 Re6+ 1/2-1/2

[Event "SC-2014-0-00236"]
[Site "LSS email"]
[Date "2014.08.20"]
[Round "?"]
[White "Osipov, Aleksandr"]
[Black "Motyka, Jerzy"]
[Result "1-0"]
[WhiteElo "1836"]
[BlackElo "1773"]
[PlyCount "61"]
[EventDate "2014.07.21"]
[EventType "tourn (corr)"]
[EventRounds "6"]
[EventCountry "GER"]
[SourceTitle "Corr 2015"]
[Source "ChessBase"]
[SourceDate "2015.07.17"]
[SourceVersion "1"]
[SourceVersionDate "2015.07.17"]
[SourceQuality "1"]

1. e4 c5 2. Nf3 e6 3. d4 cxd4 4. Nxd4 a6 5. Bd3 Qc7 6. Qe2 Bc5 7. Nb3 Ba7 8. Qg4 g6 9. 0-0 Nc6 10. Nc3 d6 11. Qf4 b5 12. Rd1 b4 13. Ne2 Ne5 14. Be3 Nxd3 15. cxd3 e5 16. Qf3 Bxe3 17. Qxe3 Be6 18. Rac1 Qa7 19. d4 Nf6 20. Ng3 h5 21. Na5 Qb6 22. Nc6 Ng8 23. Nf1 Bxa2 24. Qf3 Be6 25. h3 Bd7 26. Ne3 Bxc6 27. dxe5 Ba4 28. Rxd6 Qb7 29. Nd5 Rc8 30. Rxc8+ Qxc8 31. e6 1-0